Catálogo
 En Linea

El arte y Trujillo : (Registro nro. 31967)

Detalles MARC
000 -CABECERA
campo de control de longitud fija 00661nam a2200181 a 4500
001 - NÚMERO DE CONTROL
campo de control 000032476
005 - FECHA Y HORA DE LA ÚLTIMA TRANSACCIÓN
campo de control 20240409073643.0
008 - DATOS DE LONGITUD FIJA--INFORMACIÓN GENERAL
campo de control de longitud fija 110718t1944 dr ac r 000 0 spa d
040 ## - FUENTE DE LA CATALOGACIÓN
Centro catalogador/agencia de origen DO-SdBNP
Lengua de catalogación spa
Centro/agencia transcriptor BNPHU
082 ## - NÚMERO DE LA CLASIFICACIÓN DECIMAL DEWEY
Número de clasificación F-RD 70
100 1# - ENTRADA PRINCIPAL--NOMBRE DE PERSONA
Nombre de persona Cucurullo, Aurelio
9 (RLIN) 58425
245 13 - MENCIÓN DE TÍTULO
Título El arte y Trujillo :
Resto del título ensayo político y literario /
Mención de responsabilidad, etc. Aurelio Cucurullo.
260 ## - PUBLICACIÓN, DISTRIBUCIÓN, ETC.
Lugar de publicación, distribución, etc. Ciudad Trujillo, República Dominicana :
Nombre del editor, distribuidor, etc. La Nación,
Fecha de publicación, distribución, etc. 1944.
300 ## - DESCRIPCIÓN FÍSICA
Extensión 25 p. :
Otras características físicas il., retrs. ;
Dimensiones 23 cm.
600 10 - PUNTO DE ACCESO ADICIONAL DE MATERIA--NOMBRE DE PERSONA
Nombre de persona Trujillo Molina, Rafael Leónidas,
Fechas asociadas al nombre 1891-1961
9 (RLIN) 76764
650 #4 - PUNTO DE ACCESO ADICIONAL DE MATERIA--TÉRMINO DE MATERIA
Término de materia o nombre geográfico como elemento de entrada Arte y estado
Subdivisión general Ensayos, conferencias, etc.
9 (RLIN) 55692
910 ## - DATOS DE OPCIÓN DEL USUARIO (OCLC)
Datos de opción del usuario Validado. Control de calidad. EMS
Existencias
Estado de retiro Estado de pérdida Restricciones de uso No para préstamo Código de colección Localización permanente Ubicación/localización actual Ubicación en estantería Fecha de adquisición Número de inventario Total de préstamos Signatura topográfica completa Código de barras Fecha visto por última vez Precio válido a partir de Tipo de ítem Koha Nota pública
      Excluido de préstamo Raros y valiosos Patrimonio Dominicano Patrimonio Dominicano Depósito 18.07.2011 LF1   F-RD 70 32476-10 25.06.2020 25.06.2020 No se presta Perteneció a la Biblioteca personal Martínez Boog
        Patrimonio Dominicano Patrimonio Dominicano Patrimonio Dominicano Orden iniciada 18.07.2011 LF1   F-RD 70 32477-10 25.06.2020 25.06.2020 Libro y Folleto Colección Patrimonio Dominicano  

Con tecnología Koha